Manual de medicina de urgencias (Registro nro. 5523)

Detalles MARC
000 -CABECERA
campo de control de longitud fija 00736nam a2200253 i 4500
001 - NÚMERO DE CONTROL
campo de control Rebiun26956728
003 - IDENTIFICADOR DEL NÚMERO DE CONTROL
campo de control AR-RoIUNI
005 - FECHA Y HORA DE LA ÚLTIMA TRANSACCIÓN
campo de control 20230328143633.0
007 - CAMPO FIJO DE DESCRIPCIÓN FÍSICA--INFORMACIÓN GENERAL
campo de control de longitud fija ta
008 - DATOS DE LONGITUD FIJA--INFORMACIÓN GENERAL
campo de control de longitud fija 190226s2019 mx a 000 0 spa d
020 ## - NÚMERO INTERNACIONAL ESTÁNDAR DEL LIBRO
Número Internacional Estándar del Libro 9781456263133
040 ## - FUENTE DE LA CATALOGACIÓN
Centro catalogador/agencia de origen UGR
Centro/agencia transcriptor AR-RoIUNI
080 ## - NÚMERO DE LA CLASIFICACIÓN DECIMAL UNIVERSAL
Número de la Clasificación Decimal Universal 616-083 MAN
245 10 - MENCIÓN DE TÍTULO
Título Manual de medicina de urgencias
Mención de responsabilidad, etc. Rita K. Cydulka ... [et al.]
246 3# - FORMA VARIANTE DE TÍTULO
Título propio/Titulo breve Tintinalli Manual de medicina de urgencias
250 ## - MENCIÓN DE EDICIÓN
Mención de edición 8a. ed.
260 ## - PUBLICACIÓN, DISTRIBUCIÓN, ETC. (PIE DE IMPRENTA)
Lugar de publicación, distribución, etc. Méexico D.F.
Nombre del editor, distribuidor, etc. McGraw-Hill Education,
Fecha de publicación, distribución, etc. 2018
300 ## - DESCRIPCIÓN FÍSICA
Extensión XVII, 1070 p.
Otras características físicas il.
Dimensiones 21 cm.
650 10 - PUNTO DE ACCESO ADICIONAL DE MATERIA--TÉRMINO DE MATERIA
Término de materia o nombre geográfico como elemento inicial Urgencias
9 (RLIN) 176
650 14 - PUNTO DE ACCESO ADICIONAL DE MATERIA--TÉRMINO DE MATERIA
Término de materia o nombre geográfico como elemento inicial Medicina de urgencia
700 1# - PUNTO DE ACCESO ADICIONAL--NOMBRE DE PERSONA
Nombre de persona Tintinalli, Judith E.,
Término indicativo de función/relación colaborador
700 1# - PUNTO DE ACCESO ADICIONAL--NOMBRE DE PERSONA
Nombre de persona Cydulka, Rita K.,
Término indicativo de función/relación autor
942 ## - ELEMENTOS DE PUNTO DE ACCESO ADICIONAL (KOHA)
Fuente del sistema de clasificación o colocación Clasificación Decimal Universal
Tipo de ítem Koha Libros
Existencias
Estado de retiro Estado de pérdida Fuente del sistema de clasificación o colocación Estado dañado Excepción de préstamo Código de colección Localización permanente Ubicación/localización actual Ubicación en estantería Fecha de adquisición Fuente de adquisición Número de inventario Total de préstamos Renovaciones totales Signatura topográfica completa Código de barras Fecha visto por última vez Fecha del último préstamo Precio válido a partir de Tipo de ítem Koha
    Clasificación Decimal Universal     Enfermería BIBLIOTECA CENTRAL BIBLIOTECA CENTRAL BIBLIOTECA CENTRAL 24/11/2022 Compra 7417 5 4 616-083 MAN 7417 11/03/2026 15/12/2025 28/03/2023 Libros